Municipios del Norte de Santander - Map Quiz - Estadísticas

Estadísticas generales
  • Esta prueba ha sido intentada 1.010 veces
  • La puntuación promedio es 27 de 40
Respuestas en el mapa
Las respuestas están codificadas por una escala verde-roja en el mapa de la prueba según el % correcto abajo.
 
Estadísticas de respuestas
Respuesta % Correcto
CUCUTA
96%
PAMPLONA
92%
TIBU
88%
VILLA DEL ROSARIO
84%
PAMPLONITA
83%
EL ZULIA
80%
LOS PATIOS
80%
CUCUTILLA
77%
EL TARRA
76%
CHINACOTA
75%
PUERTO SANTANDER
73%
ABREGO
72%
TOLEDO
72%
SARDINATA
71%
GRAMALOTE
70%
CONVENCION
66%
SALAZAR
65%
BOCHALEMA
64%
LA PLAYA
64%
SILOS
64%
TEORAMA
64%
CACOTA
63%
DURANIA
63%
RAGONVALIA
63%
ARBOLEDAS
62%
HERRAN
62%
MUTISCUA
62%
SAN CALIXTO
62%
CHITAGA
61%
HACARI
61%
LABATECA
61%
BUCARASICA
60%
LOURDES
60%
SANTIAGO
60%
CACHIRA
59%
SAN CAYETANO
59%
EL CARMEN
58%
LA ESPERANZA
56%
VILLA CARO
51%
OCA¥A
35%
No se encontraron pruebas coincidentes
Distribución de puntuación
Porcentaje de gente con cada puntuación
Porcentaje por número respondido
Historial de tus puntuaciones
No has intentado esta prueba.